000 00518nam a2200169 a 4500
001 000033887
005 20200930070611.0
008 110914s2008 ja 000 0 spa d
020 _a9782809700145
040 _aDO-SdBNP
_bspa
_cBNPHU
100 1 _aGenyû, Sôkyû
_959323
240 1 0 _aChuin no hana
245 1 0 _aAu-dela des terres infinies /
_cGenyû Sôkyû ; traducción Corinne Quentin.
260 _aJapan :
_bEditores Phippe Picquier,
_c2008.
300 _a117 p. ;
_c23 cm.
700 1 _aCornne, Quentin
_959324
999 _c33378
_d33378